[Event "Indonesia Open 2013"]
[Site "Jakarta INA"]
[Date "2013.10.11"]
[Round "2.22"]
[White "Margana, Adhy"]
[Black "Hoang, Thanh Trang"]
[Result "0-1"]
[BlackTitle "GM"]
[WhiteElo "2203"]
[BlackElo "2495"]
[WhiteFideId "7101376"]
[BlackFideId "12400149"]
[EventDate "2013.10.10"]

1. d4 f5 2. Nf3 Nf6 3. g3 g6 4. Bg2 Bg7 5. c4 O-O 6. Nc3 d6 7. O-O c6 8. b3 Qa5
9. Qc2 e5 10. Bd2 Qc7 11. dxe5 dxe5 12. e4 Na6 13. exf5 Bxf5 14. Qc1 Nc5 15. Qa3
Ne6 16. Rad1 Nd4 17. Nxd4 exd4 18. Bf4 Qd7 19. Be5 d3 20. Qb2 Rae8 21. Nb1 Re6
22. Bc3 Re2 23. Rd2 Ne4 24. Bxg7 Nxd2 0-1

[Event "Indonesia Open 2013"]
[Site "Jakarta INA"]
[Date "2013.10.11"]
[Round "2.23"]
[White "Le, Tuan Minh"]
[Black "Nguyen, Ngoc Truong Son"]
[Result "1/2-1/2"]
[WhiteTitle "FM"]
[BlackTitle "GM"]
[WhiteElo "2327"]
[BlackElo "2629"]
[WhiteFideId "12401153"]
[BlackFideId "12401110"]
[EventDate "2013.10.10"]

1. d4 e6 2. Nf3 Nf6 3. c4 d5 4. Nc3 Be7 5. Bg5 O-O 6. e3 h6 7. Bh4 Ne4 8. Bxe7
Qxe7 9. Qc2 Nxc3 10. Qxc3 c6 11. Bd3 dxc4 12. Bxc4 b6 13. O-O Bb7 14. Ne5 Nd7
15. Nxd7 Qxd7 16. Be2 Rfc8 17. b4 a5 18. a3 Ba6 19. Bxa6 Rxa6 20. Rfc1 Rca8 21.
bxa5 Rxa5 22. Qxc6 Qxc6 23. Rxc6 Rxa3 24. Rxa3 Rxa3 25. g3 b5 26. Rb6 Rb3 27. e4
Rd3 28. Rxb5 Rxd4 29. f3 Rd2 30. Rb7 g5 31. g4 Kg7 1/2-1/2

[Event "Indonesia Open 2013"]
[Site "Jakarta INA"]
[Date "2013.10.11"]
[Round "2.24"]
[White "Muhammad, Luthfi Ali"]
[Black "Barbosa, Oliver"]
[Result "0-1"]
[WhiteTitle "CM"]
[BlackTitle "GM"]
[WhiteElo "2338"]
[BlackElo "2567"]
[WhiteFideId "7103743"]
[BlackFideId "5201640"]
[EventDate "2013.10.10"]

1. e4 e6 2. d4 d5 3. Nc3 dxe4 4. Nxe4 Nd7 5. Ng5 Ngf6 6. Bd3 c6 7. N1f3 Bd6 8.
Qe2 h6 9. Ne4 Nxe4 10. Qxe4 Qc7 11. Qg4 Kf8 12. O-O b6 13. b3 Bb7 14. Bb2 Nf6
15. Qh3 Nd5 16. Ne5 Nf4 17. Qf3 g5 18. Rfe1 Rd8 19. Rad1 c5 20. Be4 Bxe4 21.
Qxe4 f5 22. Qf3 Bxe5 23. dxe5 Rh7 24. Rd6 Rxd6 25. exd6 Qxd6 26. Rd1 Qc7 27.
Qa8+ Kf7 28. Rd8 Kg6 29. Rg8+ Kh5 30. Qf3+ g4 31. Qe3 Rd7 32. f3 Qd6 33. fxg4+
fxg4 34. Bc3 Qd1+ 35. Qe1 Ne2+ 36. Kf2 Qxc2 37. Qxe2 Rf7+ 38. Ke3 Qxc3+ 39. Qd3
Qc1+ 40. Ke2 Qf1+ 41. Kd2 Rf2+ 0-1

[Event "Indonesia Open 2013"]
[Site "Jakarta INA"]
[Date "2013.10.11"]
[Round "2.25"]
[White "Salem, A.R. Saleh"]
[Black "Medina, Warda Aulia"]
[Result "1-0"]
[WhiteTitle "GM"]
[BlackTitle "WIM"]
[WhiteElo "2567"]
[BlackElo "2319"]
[WhiteFideId "9301348"]
[BlackFideId "7101570"]
[EventDate "2013.10.10"]

1. d4 Nf6 2. c4 e6 3. Nc3 Bb4 4. f3 d5 5. a3 Be7 6. e4 dxe4 7. fxe4 e5 8. d5 O-O
9. Nf3 Bg4 10. h3 Bh5 11. Bd3 Nbd7 12. Bc2 a5 13. Rb1 Bc5 14. g4 Nxg4 15. hxg4
Bxg4 16. Qe2 Bxf3 17. Qxf3 Ra6 18. Ba4 Rg6 19. Be3 Bxe3 20. Qxe3 Nf6 21. Bd1 h6
22. c5 Ng4 23. Bxg4 Rxg4 24. Kd2 Rg2+ 25. Ne2 f5 26. Rbg1 Rxg1 27. Rxg1 fxe4 28.
Qxe4 Qe7 29. b4 axb4 30. axb4 Ra8 31. Nd4 Ra2+ 32. Nc2 Kh8 33. Kc3 Qf6 34. Re1
Qf2 35. Re2 Qg1 36. Qxe5 Qb1 37. Qe8+ Kh7 38. Qe4+ Kh8 39. Qd3 Qb2+ 40. Kc4 Ra8
41. Qd4 Qa2+ 42. Kc3 Ra3+ 43. Nxa3 Qxe2 44. d6 Qf3+ 45. Kb2 Qe2+ 46. Nc2 1-0

[Event "Indonesia Open 2013"]
[Site "Jakarta INA"]
[Date "2013.10.11"]
[Round "2.26"]
[White "Panggabean, Hasian"]
[Black "Mareco, Sandro"]
[Result "0-1"]
[BlackTitle "GM"]
[WhiteElo "2190"]
[BlackElo "2565"]
[WhiteFideId "7101023"]
[BlackFideId "112275"]
[EventDate "2013.10.10"]

1. Nf3 c5 2. c4 Nc6 3. d4 cxd4 4. Nxd4 Nf6 5. Nc3 Qb6 6. e3 g6 7. Be2 Bg7 8. O-O
O-O 9. b3 Rd8 10. Bf3 Ne5 11. Bb2 Nxf3+ 12. Qxf3 d6 13. h3 a6 14. Rfd1 Bd7 15.
Rd2 Qc7 16. Rc1 Rac8 17. Qd1 Re8 18. Nde2 Qb8 19. Nf4 b5 20. Ncd5 Nxd5 21. cxd5
Bh6 22. Ne2 Qb7 23. Rdc2 b4 24. Qd4 f6 25. Ng3 Bg7 26. Rxc8 Rxc8 27. Rxc8+ Bxc8
28. Qc4 Bd7 29. e4 a5 30. Nf1 Bb5 31. Qc2 Qa6 32. Ne3 Kf7 33. Qc7 a4 34. f3 axb3
35. axb3 Qa2 36. Qc2 Bh6 37. Nd1 Qa7+ 38. Kh2 Bf4+ 39. g3 Bxg3+ 40. Kxg3 Qg1+
41. Qg2 Qxd1 42. h4 Bd7 43. Kh2 Qxb3 44. Qf2 Qd1 45. Kg3 b3 46. Bc3 Bb5 47. Bb2
Be2 48. Qd4 Bxf3 49. Qxd1 Bxd1 50. Kf4 Bc2 0-1

[Event "Indonesia Open 2013"]
[Site "Jakarta INA"]
[Date "2013.10.11"]
[Round "2.27"]
[White "Ghaem Maghami, Ehsan"]
[Black "Senador, Emmanuel"]
[Result "1-0"]
[WhiteTitle "GM"]
[BlackTitle "IM"]
[WhiteElo "2556"]
[BlackElo "2323"]
[WhiteFideId "12500739"]
[BlackFideId "5200601"]
[EventDate "2013.10.10"]

1. d4 Nf6 2. c4 e6 3. Nf3 c5 4. e3 cxd4 5. exd4 Bb4+ 6. Nc3 O-O 7. Bd3 d5 8.
cxd5 exd5 9. O-O Bxc3 10. bxc3 Ne4 11. Re1 Nxc3 12. Qc2 Ne4 13. Bxe4 dxe4 14.
Qxe4 Nd7 15. Ba3 Nf6 16. Qe7 Qxe7 17. Bxe7 Be6 18. Bxf8 Kxf8 19. a3 h6 20. Rac1
Nd5 21. Ne5 Ke7 22. g3 g5 23. Rb1 b6 24. Rbc1 Kf8 25. f3 Rd8 26. Kf2 Kg7 27.
Red1 h5 28. Nc4 Kf6 29. Nd2 Ke7 30. Ne4 Rg8 31. Rd2 g4 32. Nc3 gxf3 33. Nxd5+
Bxd5 34. Rc7+ Kd6 35. Rxa7 h4 36. Rb2 hxg3+ 37. hxg3 Kc6 38. Ra6 Rb8 39. a4 Bc4
40. Rc2 Kd5 41. Ra7 Be2 42. Rxf7 Rh8 43. Rf4 Ra8 44. a5 bxa5 45. Rc5+ Kd6 46.
Rf6+ Ke7 47. Rh6 Kd7 48. Rg5 Re8 49. Rxa5 Kc7 50. Re5 Rd8 51. Re7+ Kc8 52. d5
Rxd5 53. Rh8+ Rd8 54. Rxd8+ Kxd8 55. Re3 Kd7 56. g4 Bc4 57. Kxf3 Be6 58. Kf4 Ke7
59. Kg5 Kf7 60. Rxe6 1-0

[Event "Indonesia Open 2013"]
[Site "Jakarta INA"]
[Date "2013.10.11"]
[Round "2.28"]
[White "Gopal, G.N."]
[Black "Firdaus, Maksum"]
[Result "1-0"]
[WhiteTitle "GM"]
[BlackTitle "FM"]
[WhiteElo "2527"]
[BlackElo "2257"]
[WhiteFideId "5015693"]
[BlackFideId "7100833"]
[EventDate "2013.10.10"]

1. e4 c5 2. Nf3 a6 3. c3 e6 4. d4 d5 5. e5 Nc6 6. Be2 Qb6 7. O-O Nh6 8. Na3 cxd4
9. cxd4 Nf5 10. Nc2 Be7 11. Kh1 h5 12. Bd3 g6 13. Rb1 Bd7 14. g3 O-O-O 15. h4
Na5 16. Bxf5 exf5 17. Ne3 Qb5 18. b3 Be6 19. Ng2 Nc6 20. Bg5 Ba3 21. b4 a5 22.
bxa5 Qxa5 23. Rxb7 Qa6 24. Rb3 Kd7 25. Nf4 Rb8 26. Kg2 Rb4 27. Qd2 Rxb3 28. axb3
Nb4 29. Ra1 Ra8 30. Ne1 Qb7 31. Ned3 Nxd3 32. Qxd3 Bb2 33. Rb1 Ba1 34. b4 Qb6
35. Nxe6 Qxe6 36. Be3 Qb6 37. Qd1 Bc3 38. Qb3 Rc8 39. Qxd5+ Ke8 40. b5 Kf8 41.
Qd7 Qb8 42. e6 Rc7 43. e7+ Kg7 44. e8=N+ 1-0

[Event "Indonesia Open 2013"]
[Site "Jakarta INA"]
[Date "2013.10.11"]
[Round "2.29"]
[White "Torre, Eugenio"]
[Black "Smirnov, Anton"]
[Result "1/2-1/2"]
[WhiteTitle "GM"]
[BlackTitle "FM"]
[WhiteElo "2462"]
[BlackElo "2306"]
[WhiteFideId "5200016"]
[BlackFideId "3208923"]
[EventDate "2013.10.10"]

1. b3 d5 2. Nf3 Bg4 3. Bb2 Nf6 4. e3 Nbd7 5. c4 e6 6. Be2 c6 7. Nc3 Bd6 8. cxd5
exd5 9. Nd4 Bxe2 10. Ncxe2 Ne5 11. Qc2 O-O 12. Nf5 Bc7 13. Neg3 Re8 14. O-O g6
15. f4 Ned7 16. Nh6+ Kf8 17. Rf3 Bb6 18. Ba3+ c5 19. h3 Kg7 20. Ng4 d4 21. Bb2
h5 22. Nf2 Rc8 23. e4 h4 24. Nf1 Qe7 25. d3 Bc7 26. Ng4 a6 27. Nxf6 Qxf6 28. Qf2
Qe7 29. Nd2 Rh8 30. a4 b6 31. b4 Rb8 32. Nc4 f6 33. a5 cxb4 34. axb6 Nxb6 35.
Na5 Qd7 36. Bxd4 Na4 37. Nb3 Bb6 38. Bxb6 Rxb6 39. f5 g5 40. e5 Rhb8 41. e6 Qe8
42. Re3 Nc3 43. Qf3 Qe7 44. Ra5 Rd6 45. Rc5 Nb5 46. Qg4 a5 47. Nxa5 Nd4 48. Qh5
b3 49. Qg6+ Kh8 50. Nc4 b2 51. Nxb2 Rxb2 52. Qh5+ Kg7 53. Qg6+ Kh8 54. Rc8+ Rd8
55. Qh5+ Kg7 56. Qg6+ Kh8 57. Rxd8+ Qxd8 58. Qh5+ Kg7 59. Qf7+ Kh8 60. Qh5+ Kg7
61. Qf7+ Kh8 62. Qh5+ Kg7 1/2-1/2

[Event "Indonesia Open 2013"]
[Site "Jakarta INA"]
[Date "2013.10.11"]
[Round "2.30"]
[White "Paehtz, Elisabeth"]
[Black "Suyud, Hartoyo"]
[Result "1/2-1/2"]
[WhiteTitle "IM"]
[WhiteElo "2440"]
[BlackElo "2226"]
[WhiteFideId "4641833"]
[BlackFideId "7102704"]
[EventDate "2013.10.10"]

1. d4 d5 2. Nf3 c6 3. e3 Bf5 4. c4 e6 5. Nc3 Nf6 6. Nh4 Be4 7. f3 Bg6 8. Qb3 Qb6
9. Nxg6 hxg6 10. Bd2 Nbd7 11. O-O-O Qxb3 12. axb3 Bd6 13. h3 Bb4 14. Kc2 a6 15.
g4 O-O-O 16. g5 Ne8 17. c5 Nc7 18. Bc1 Bxc3 19. bxc3 e5 20. Bg2 Rh5 21. e4 exd4
22. cxd4 Nf8 23. Be3 Nfe6 24. h4 Rdh8 25. Bf2 Nf4 26. Bf1 Nce6 27. Rg1 f5 28.
gxf6 gxf6 29. exd5 cxd5 30. Bg3 g5 31. Bxf4 Nxf4 32. hxg5 Rxg5 33. Rxg5 fxg5 34.
Bd3 Rh2+ 35. Kc3 Rf2 36. Bf5+ Kc7 37. Bg4 a5 38. Ra1 Ne2+ 39. Kd3 Nf4+ 40. Kc3
Ne2+ 41. Kd3 1/2-1/2

[Event "Indonesia Open 2013"]
[Site "Jakarta INA"]
[Date "2013.10.11"]
[Round "2.31"]
[White "Juswanto, Denny"]
[Black "Lorparizangeneh, Shahin"]
[Result "1-0"]
[WhiteTitle "IM"]
[BlackTitle "FM"]
[WhiteElo "2417"]
[BlackElo "2249"]
[WhiteFideId "7100221"]
[BlackFideId "12521604"]
[EventDate "2013.10.10"]

1. Nf3 Nf6 2. c4 g6 3. Nc3 d5 4. cxd5 Nxd5 5. g3 Bg7 6. Bg2 O-O 7. O-O c5 8. Qb3
e6 9. d3 Nc6 10. Bg5 Qd7 11. Rac1 b6 12. Rfd1 Bb7 13. e4 Nxc3 14. bxc3 Rac8 15.
Qa3 h6 16. Be3 Rfd8 17. h4 Na5 18. Ne1 f5 19. exf5 gxf5 20. Qb2 e5 21. Qe2 Qe6
22. h5 f4 23. Bxf4 Re8 24. Be3 Rcd8 25. Bxb7 Nxb7 26. Ng2 Nd6 27. Nh4 Rd7 28.
Ng6 Rf7 29. Kg2 Nf5 30. Rc2 Qd6 31. Kh2 Nd4 32. cxd4 exd4 33. Nh4 dxe3 34. fxe3
Qe6 35. e4 Be5 36. Kg2 Kh7 37. Rf1 Ref8 38. Rxf7+ Rxf7 39. Nf5 Rd7 40. Qf3 Qf6
41. Rf2 Qg5 42. Nh4 Rg7 43. Ng6 Bxg3 44. Nf8+ Kg8 45. Ne6 Qe5 46. Qf8+ Kh7 47.
Nxg7 Bxf2 48. Nf5 Be1 49. Qxh6+ Kg8 50. Qg6+ Kf8 51. h6 Qb2+ 52. Kh3 Bc3 53. h7
Qxa2 54. Qd6+ Kf7 55. e5 Bxe5 56. Qxe5 Qf2 57. Qe7+ Kg6 58. Nh4+ 1-0

[Event "Indonesia Open 2013"]
[Site "Jakarta INA"]
[Date "2013.10.11"]
[Round "2.32"]
[White "Manakova, Maria"]
[Black "Gunawan, Ronny"]
[Result "1-0"]
[WhiteTitle "WGM"]
[BlackTitle "IM"]
[WhiteElo "2320"]
[BlackElo "2395"]
[WhiteFideId "927007"]
[BlackFideId "7100035"]
[EventDate "2013.10.10"]

1. d4 e6 2. c4 d5 3. Nc3 f5 4. Nf3 Nf6 5. Qc2 c6 6. Bf4 Be7 7. e3 O-O 8. Bd3
dxc4 9. Bxc4 Nd5 10. O-O Nd7 11. h3 N7b6 12. Be2 Nxf4 13. exf4 Nd5 14. g3 Rf6
15. Rfe1 Bd7 16. Bf1 Bd6 17. Ne5 Be8 18. Rad1 Rc8 19. Bg2 Rc7 20. a3 h6 21. Qe2
g5 22. fxg5 hxg5 23. Nxd5 cxd5 24. Rc1 Rh6 25. Rxc7 Bxc7 26. Rc1 Bb6 27. Qd2 Rh7
28. Rc3 Rc7 29. Bf3 Ba5 30. b4 Rxc3 31. Qxc3 Bc7 32. Qe3 Qf6 33. Be2 f4 34. gxf4
gxf4 35. Qc3 Bxe5 36. dxe5 Qg5+ 37. Bg4 Bf7 38. Kf1 Qg6 39. Kg2 b6 40. Kh2 Qe4
41. Qc7 Qg6 42. Qxa7 Qe4 43. Qc7 b5 44. Qd8+ Kh7 45. Qh4+ Kg8 46. Qg5+ Kh7 47.
Qf6 Bg6 48. Qh4+ Kg7 49. Qe7+ Kh6 50. Qf8+ Kg5 51. Qf6+ Kh6 52. Bxe6 f3 53. Qh8+
Bh7 54. Qf8+ 1-0

[Event "Indonesia Open 2013"]
[Site "Jakarta INA"]
[Date "2013.10.11"]
[Round "2.33"]
[White "Paragua, Mark"]
[Black "Bilguun, Sumiya"]
[Result "1-0"]
[WhiteTitle "GM"]
[BlackTitle "FM"]
[WhiteElo "2571"]
[BlackElo "2284"]
[WhiteFideId "5201241"]
[BlackFideId "4901541"]
[EventDate "2013.10.10"]

1. e4 c5 2. Nf3 e6 3. d4 cxd4 4. Nxd4 a6 5. Nc3 Qc7 6. Bd3 Nf6 7. O-O Bc5 8. Nb3
Be7 9. f4 d6 10. e5 dxe5 11. fxe5 Qxe5 12. Bf4 Qh5 13. Be2 Qg6 14. h4 h5 15. Bg5
Ng8 16. Bd3 f5 17. Qe2 Nc6 18. Na4 b5 19. Nb6 Rb8 20. Nxc8 Rxc8 21. a4 Kf7 22.
axb5 axb5 23. Bxb5 Bxg5 24. hxg5 Nge7 25. Bc4 Rhd8 26. c3 Nd5 27. Nc5 Nce7 28.
b4 Rxc5 29. bxc5 Nxc3 30. Qe5 Ncd5 31. Ra6 Rc8 32. Re1 Rxc5 33. Rxe6 Rxc4 34.
Rxg6 Kxg6 35. Qd6+ Kh7 36. g6+ Kh6 37. Qd8 Re4 38. Rxe4 fxe4 39. Qd6 e3 40. Qe6
Kg5 41. g3 h4 42. gxh4+ Kxh4 43. Qe5 e2 44. Kf2 Kg4 45. Qxg7 Nf5 46. Qf7 Nf4 47.
g7 Nxg7 48. Qxg7+ Kf5 49. Qe7 Kg4 50. Qe4 e1=Q+ 51. Kxe1 1-0

[Event "Indonesia Open 2013"]
[Site "Jakarta INA"]
[Date "2013.10.11"]
[Round "2.34"]
[White "Batchuluun, Tsegmed"]
[Black "Surya, Wahyudi"]
[Result "1-0"]
[WhiteTitle "GM"]
[WhiteElo "2529"]
[BlackElo "2279"]
[WhiteFideId "4900847"]
[BlackFideId "7102542"]
[EventDate "2013.10.10"]

1. d4 Nf6 2. c4 e6 3. g3 d5 4. Nf3 dxc4 5. Bg2 Nc6 6. Qa4 Bb4+ 7. Bd2 Nd5 8.
Bxb4 Nxb4 9. O-O Bd7 10. a3 b5 11. Qxb5 Nc2 12. Ra2 N6xd4 13. Qc5 Qe7 14. Qxe7+
Kxe7 15. Nc3 Bc6 16. Ne5 Bxg2 17. Kxg2 f6 18. Nxc4 Nb3 19. e3 Rhd8 20. Kf3 Rd7
21. Ke2 Rad8 22. h4 h5 23. Rg1 c6 24. Kf3 Rd5 25. Nxd5+ cxd5 26. Na5 Nxa5 27. b4
Nxe3 28. fxe3 Nc4 29. a4 Rb8 30. b5 Kd6 31. Ke2 f5 32. Rb1 Kc5 33. Rc1 g5 34.
hxg5 Rg8 35. Kf3 Rxg5 36. Rh2 Kb4 37. Rch1 Rg4 38. Rxh5 Nd2+ 39. Kg2 Ne4 40.
Rb1+ Kc5 41. Rc1+ Kb4 42. Rb1+ Kc5 43. Rh3 Nd6 44. Rh7 Rxa4 45. Rc7+ 1-0

[Event "Indonesia Open 2013"]
[Site "Jakarta INA"]
[Date "2013.10.11"]
[Round "2.35"]
[White "Nguyen, Duc Hoa"]
[Black "Pitra, Andika"]
[Result "1/2-1/2"]
[WhiteTitle "IM"]
[BlackTitle "FM"]
[WhiteElo "2486"]
[BlackElo "2276"]
[WhiteFideId "12401358"]
[BlackFideId "7103255"]
[EventDate "2013.10.10"]

1. d4 g6 2. g3 Bg7 3. Bg2 d6 4. Nf3 Nf6 5. O-O O-O 6. c4 Nc6 7. Nc3 a6 8. b3 Rb8
9. Nd5 Nh5 10. Bb2 e6 11. Nc3 b5 12. cxb5 axb5 13. Rc1 Bd7 14. Qd2 b4 15. Na4
Na5 16. Qc2 Bc6 17. Nd2 Bb5 18. Bf3 c6 19. Rfd1 Nf6 20. Ba1 Bxa4 21. bxa4 d5 22.
Nb3 Nc4 23. Nd2 Na5 24. Qd3 Nd7 25. Nb3 Nc4 26. Rxc4 dxc4 27. Qxc4 Ne5 28. Qc2
Nxf3+ 29. exf3 Qd5 30. Qe2 Ra8 31. a5 Rfb8 32. Rc1 Rb5 33. Rc4 h5 34. h4 Bf8 35.
Kg2 Be7 36. Qc2 Ra6 37. Bb2 Bf6 38. Bc1 Bd8 39. Bf4 Bxa5 40. Nc5 Ra8 41. Ne4 Bd8
42. Be5 Rba5 43. Qc1 Kh7 44. Qf4 f5 45. Rxb4 R5a7 46. Nc3 Qd7 47. Rc4 Bc7 48. a4
Bxe5 49. Qxe5 Ra5 50. Qf6 R8a7 51. Rb4 Qe7 52. Qxe7+ Rxe7 53. Rc4 Rc7 54. Nb5
Re7 55. Rxc6 Rxa4 56. Nc7 Rxd4 57. Nxe6 Rd2 58. Nf4 Ra7 59. Nh3 Raa2 60. Rc7+
Kg8 1/2-1/2

[Event "Indonesia Open 2013"]
[Site "Jakarta INA"]
[Date "2013.10.11"]
[Round "2.36"]
[White "Sonjaya, Deni"]
[Black "Khamrakulov, Djurabek"]
[Result "1/2-1/2"]
[WhiteTitle "FM"]
[BlackTitle "IM"]
[WhiteElo "2265"]
[BlackElo "2442"]
[WhiteFideId "7101465"]
[BlackFideId "14201143"]
[EventDate "2013.10.10"]

1. e4 c5 2. Nf3 d6 3. d4 cxd4 4. Nxd4 Nf6 5. Nc3 a6 6. Bc4 e6 7. Bb3 b5 8. a3
Bb7 9. Qe2 Nbd7 10. f3 g6 11. Qf2 Bg7 12. Be3 Rc8 13. Rd1 Qe7 14. O-O O-O 15.
Rfe1 Rfd8 16. Qh4 Re8 17. Bh6 Bh8 18. Bg5 Rc5 19. f4 e5 20. Nf3 Bg7 21. Rf1 exf4
22. Bxf4 Nxe4 23. Qxe7 Rxe7 24. Nxe4 Rxe4 25. Bxd6 Rf5 26. Bg3 Nf8 27. c3 Re2
28. Rf2 Rxf2 29. Kxf2 Bf6 30. Rd6 Be7 31. Rd2 h5 32. Ke2 g5 33. Nd4 Rc5 34. Ke1
h4 35. Bb8 Ng6 36. Rf2 Nh8 37. Nf5 Bf8 38. g4 hxg3 39. hxg3 Bd5 40. Bxd5 Rxd5
41. Ne3 Rd8 42. Ba7 Bd6 43. Rf3 Ng6 44. Kf2 Ne5 45. Rf5 Nd3+ 46. Kf3 Nxb2 47.
Rxg5+ Kf8 48. Bc5 Bxc5 49. Rxc5 Na4 50. Rc6 Rd3 51. Rxa6 Rxc3 52. Kf4 Nc5 53.
Ra8+ Kg7 54. Nf5+ Kf6 55. Nd4 Nd3+ 56. Ke4 Nf2+ 57. Kd5 Rxg3 58. Nxb5 Rg5+ 59.
Kc4 Rg4+ 60. Nd4 Nd1 1/2-1/2

[Event "Indonesia Open 2013"]
[Site "Jakarta INA"]
[Date "2013.10.11"]
[Round "2.38"]
[White "Teh, Eu Wen Aron"]
[Black "Lioe, Dede"]
[Result "1/2-1/2"]
[BlackTitle "IM"]
[WhiteElo "2254"]
[BlackElo "2375"]
[WhiteFideId "5704723"]
[BlackFideId "7100566"]
[EventDate "2013.10.10"]

1. d4 d5 2. c4 dxc4 3. e3 Nf6 4. Bxc4 a6 5. a4 e6 6. Nf3 c5 7. O-O Nc6 8. Qe2
cxd4 9. Rd1 Be7 10. exd4 O-O 11. Nc3 Nb4 12. Ne5 Nfd5 13. Ra3 Nb6 14. Rb3 Nxc4
15. Qxc4 a5 16. Nb5 Bd7 17. Qe2 Bc6 18. Rh3 Qd5 19. Nxc6 Qxc6 20. Nc3 g6 21. d5
Qa6 22. Qe3 h5 23. Qe5 Bd6 24. Qg5 Nxd5 25. Rxd5 exd5 26. Nxd5 Rfc8 27. Nf6+ Kf8
28. Nh7+ Ke8 29. Re3+ Kd7 30. Nf6+ Kc7 31. Rc3+ Kd8 32. Nd5+ Kd7 33. Nf6+ Kd8
34. Nd5+ Kd7 35. Nf6+ Kd8 36. Nd5+ 1/2-1/2

[Event "Indonesia Open 2013"]
[Site "Jakarta INA"]
[Date "2013.10.11"]
[Round "2.39"]
[White "Ardiansyah, H"]
[Black "Sihite, Chelsie Monica"]
[Result "1-0"]
[WhiteTitle "GM"]
[BlackTitle "WIM"]
[WhiteElo "2368"]
[BlackElo "2267"]
[WhiteFideId "7100027"]
[BlackFideId "7101198"]
[EventDate "2013.10.10"]

1. d4 Nf6 2. c4 e6 3. Nf3 b6 4. g3 Bb4+ 5. Bd2 Bxd2+ 6. Nbxd2 Bb7 7. Bg2 c5 8.
O-O O-O 9. Nb1 d6 10. d5 exd5 11. Nh4 Qd7 12. cxd5 Re8 13. Nc3 b5 14. a3 Na6 15.
Re1 c4 16. e4 Nc5 17. Nf5 a6 18. Qd2 h6 19. Qf4 Nd3 20. Qxd6 Nxe1 21. Rxe1 Rad8
22. Qf4 Kh7 23. Ne3 Qe7 24. Rd1 Bc8 25. d6 g5 26. Nf5 Qb7 27. Qf3 Re6 28. h4 Ne8
29. hxg5 Nxd6 30. Nxh6 Qa7 31. Qh5 Kg7 32. Nf5+ Kg8 33. Nd5 Nb7 34. Nh6+ Rxh6
35. Qxh6 Rxd5 36. Rxd5 Be6 37. g6 1-0

[Event "Indonesia Open 2013"]
[Site "Jakarta INA"]
[Date "2013.10.11"]
[Round "2.40"]
[White "Sinurat, Tumpak"]
[Black "Sukandar, Irine Kharisma"]
[Result "0-1"]
[BlackTitle "WGM"]
[WhiteElo "2249"]
[BlackElo "2363"]
[WhiteFideId "7104138"]
[BlackFideId "7101937"]
[EventDate "2013.10.10"]

1. e4 e5 2. Nf3 Nc6 3. Bb5 a6 4. Ba4 Nf6 5. O-O Be7 6. Re1 b5 7. Bb3 O-O 8. h3
d6 9. c3 Na5 10. Bc2 c5 11. d4 cxd4 12. cxd4 Qc7 13. Bd3 Nc6 14. a4 Rb8 15. axb5
axb5 16. Nc3 Nxd4 17. Nxd4 exd4 18. Nxb5 Qb6 19. Ra7 Bb7 20. Bd2 d5 21. Ba5 Qc6
22. e5 Ne4 23. b4 Rfe8 24. Nxd4 Qc3 25. Nb5 Qc6 26. Qa1 Bh4 27. Re2 Bxf2+ 28.
Rxf2 Nxf2 29. Kxf2 d4 30. Rxb7 Rxb7 31. Nd6 Rxe5 32. Nxb7 Qh6 33. Qd1 Qe3+ 34.
Kf1 Re6 35. Bd8 Qf4+ 36. Kg1 Qe3+ 37. Kh1 Qf2 38. Kh2 Re1 39. Qg4 Qg1+ 40. Kg3
Re3+ 41. Kh4 Qf2+ 42. g3 Rxd3 43. Bc7 h6 44. Be5 g5+ 45. Kh5 f5 0-1

[Event "Indonesia Open 2013"]
[Site "Jakarta INA"]
[Date "2013.10.11"]
[Round "2.41"]
[White "Dimakiling, Oliver"]
[Black "Mahmud, Syarif"]
[Result "1-0"]
[WhiteTitle "IM"]
[BlackTitle "FM"]
[WhiteElo "2353"]
[BlackElo "2252"]
[WhiteFideId "5202248"]
[BlackFideId "7100108"]
[EventDate "2013.10.10"]

1. c4 Nf6 2. Nc3 g6 3. e4 d6 4. d4 Bg7 5. Nf3 O-O 6. Be2 e5 7. O-O exd4 8. Nxd4
Re8 9. f3 c6 10. Kh1 Nh5 11. g4 Nf6 12. Be3 h5 13. g5 Nh7 14. Qd2 Qe7 15. Rad1
Na6 16. Nc2 Bh3 17. Rg1 Be5 18. b4 Nf8 19. a3 Red8 20. Bd3 Nc7 21. Ne2 d5 22.
exd5 cxd5 23. c5 d4 24. Bxd4 Bxd4 25. Nexd4 Nfe6 26. Bc4 a5 27. Qe2 axb4 28.
axb4 Kf8 29. Qe5 Ng7 30. Qg3 Be6 31. Nxe6+ Ncxe6 32. Rxd8+ Rxd8 33. Ne3 Nd4 34.
Nd5 Qe6 35. Rc1 Qf5 36. Ne7 Qxf3+ 37. Qxf3 Nxf3 38. Nxg6+ fxg6 39. Rf1 Nf5 40.
Rxf3 Rd4 41. Rc3 Ke7 42. b5 Rd2 43. Kg1 h4 44. Bf1 Nd4 45. Re3+ Kd8 46. Bd3 Nf5
47. Bxf5 gxf5 48. g6 Rd7 49. Kf2 1-0

[Event "Indonesia Open 2013"]
[Site "Jakarta INA"]
[Date "2013.10.11"]
[Round "2.42"]
[White "Masruri, Rahman"]
[Black "Yoseph, Theolifus Taher"]
[Result "1-0"]
[WhiteElo "2222"]
[BlackElo "2345"]
[WhiteFideId "7101163"]
[BlackFideId "7105347"]
[EventDate "2013.10.10"]

1. d4 Nf6 2. Bf4 d5 3. e3 c6 4. Nd2 g6 5. h3 Bg7 6. Ngf3 O-O 7. Bd3 Nbd7 8. O-O
c5 9. c3 Re8 10. Ne5 Nh5 11. Bh2 Nxe5 12. dxe5 Bf8 13. Bb5 Bd7 14. Qa4 Bxb5 15.
Qxb5 Qc8 16. Rfd1 Ng7 17. e4 Qc6 18. Qb3 dxe4 19. Qc4 e3 20. fxe3 Ne6 21. Nf3
Bh6 22. Kf2 b5 23. Qd5 Qb6 24. Qe4 c4 25. Ne1 Rad8 26. Rab1 Nc5 27. Qf3 Rxd1 28.
Rxd1 Rd8 29. Rd4 Ne6 30. Rxd8+ Qxd8 31. Ke2 Nc5 32. Bf4 Bg7 33. Qc6 Nd3 34. Qxb5
g5 35. Bxg5 Nxe5 36. Bf4 Qd6 37. Bxe5 Bxe5 38. Qxc4 h5 39. Qc8+ Kg7 40. Qf5 Bf6
41. Qxh5 Qa6+ 42. Nd3 Qxa2 43. Kd2 a5 44. e4 Kg8 45. e5 Bg7 46. Qg4 a4 47. Qb4
Qd5 48. Qg4 Kh7 49. Ke2 Bh6 50. c4 Qb7 51. Qf3 Qb3 52. Qxf7+ Kh8 53. Qe8+ Kh7
54. Qxe7+ Kg8 55. Qe6+ Kg7 56. Qd5 Qc2+ 57. Kf3 Qd2 58. Qe4 1-0

[Event "Indonesia Open 2013"]
[Site "Jakarta INA"]
[Date "2013.10.11"]
[Round "2.43"]
[White "Tran, Tuan Minh"]
[Black "Fauzan, M"]
[Result "1-0"]
[WhiteTitle "FM"]
[WhiteElo "2344"]
[BlackElo "2221"]
[WhiteFideId "12401820"]
[BlackFideId "7105142"]
[EventDate "2013.10.10"]

1. d4 d5 2. Nf3 Nf6 3. c4 c6 4. Nc3 e6 5. g3 dxc4 6. Bg2 Nbd7 7. a4 a5 8. O-O
Bb4 9. Qc2 O-O 10. e4 Re8 11. Rd1 Qe7 12. e5 Nd5 13. Ne4 b5 14. Bd2 f5 15. exf6
gxf6 16. Nc3 Bxc3 17. bxc3 N7b6 18. g4 Qg7 19. g5 f5 20. Ne5 Bd7 21. Kh1 Reb8
22. Rg1 Be8 23. Bf3 bxa4 24. g6 hxg6 25. Bh5 Ne7 26. Bg5 Kf8 27. Qd2 Ng8 28. Bf4
gxh5 29. Rxg7 Kxg7 30. Rg1+ Kh7 31. Nf3 Rb7 32. Ng5+ Kg6 33. Nxe6+ Kf6 34. Qe3 1-0